แสดงรายละเอียดบรรณานุกรม
  กลับหน้าหลัก

Brief Record : Get Marc (ISO 2709) : E-mail record : QR code ปิดหน้าต่าง
LEADER 00000nama 2200000uu 4500
001    184337
003     ULIBM
008    040531s2541 th m m a000 0 tha d
020    974-291-623-3
041    tha
050    HF5549 อ692ส 2541
100    อำพล จินดาวัฒนะ
245    สู่อนาคตที่ดีกว่า สรุปการบรรยายพิเศษเรื่อง การพัฒนาสถานภาพหน่วยราชการเป็นองค์กรมหาชน 001
260    นนทบุรี โครงการสวัสดิการวิชาการ สถาบันพระบรมราชชนก 2541
300    48 หน้า
650    การปรับองค์กร หน่วยราชการ - การพัฒนาองค์กรมหาชน - การปฏิรูป
998    2001-01-25
รายการนี้ยังไม่มีแท็ก
คุณยังไม่ได้ล็อกอิน คุณสามารถมีกิจกรรมร่วมกับเว็บไซต์ได้ แต่ต้องล็อกอินก่อน ::
  ล็อกอิน
ลำดับที่ ประเภท เลขเรียก สถานที่ สถานะ
1. หนังสือทั่วไป
หนังสือทั่วไป
HF5549 อ692ส 2541  
  
หนังสือทั่วไป On Shelf
  ขอยืม
   [แสดง 1/1 รายการ]

รายการใกล้เคียง
    ผู้แต่ง [อำพล จินดาวัฒนะ]

BibComment


ยังไม่เคยถูกคอมเมนท์

คอมเมนท์ทรัพยากรรายการนี้
  คอมเมนท์: สู่อนาคตที่ดีกว่า..
Bib 184337

 
 
 

 Union Library Management : ULibM
Copyright 2026. All Rights Reserved.
скачать бесплатно без регистрации порно красивый секс HD Sex Hindi sex

xxx gou

xxxx

bfxxx

xxxwww

Секса Видео

xxxx

Секса Видео

detube

geilexxx

C99 Shell

worms shell

blod xxx video
Ebony Coed Rihanna Rimes Takes A Dick In Her Young Twat priyaa indian fuck anal and pusssy hardcore indian women xxx desi hardcore fucking part 1 bengalixxxcouple